000 00775cam a22002531 4500
001 sa 66003840
003 DLC
005 20260227112239.0
008 780922s1965 ii a 000 0 eng
010 _asa 66003840
025 _aPL480 :I-E-5470
035 _a(OCoLC)4244374
040 _aDLC
_cNcWsW
_dDLC
042 _apremarc
050 0 0 _aDS480.84
_b.M315
082 _a329.00954
100 1 _aMalaviya, H. D.
_q(Harsh Dev),
_d1917-
245 1 4 _aThe danger of right reaction
_c[by] H. D. Malaviya. Foreword: K. Kamaraj. Introd.: G. M. Sadiq.
250 _a[1st ed.]
260 _aNew Delhi,
_bSocialist congressman
_c[1965]
300 _a402 p.
_billus.
_c22 cm.
651 0 _aIndia
_xPolitics and government
_y1947-
651 0 _aIndia
_xEconomic conditions
_y1945-
999 _c69132
_d69132